| 000 | 00864nam a2200301 a 4500 | ||
|---|---|---|---|
| 003 | AR-BaBNM | ||
| 005 | 20251128203527.0 | ||
| 008 | 082120s2002 ||||||||||||||000 | spa|| | ||
| 020 | _a968-16-2330-4 | ||
| 040 | _cAR-BaBNM | ||
| 100 | 1 | _aHenríquez Ureña, Pedro | |
| 245 | 0 | 0 | _aHistoria de la cultura en la América Hispánica |
| 250 | _a1ª ed. | ||
| 260 |
_aMéxico, D.F. _bFondo de Cultura Económica _c1986 |
||
| 300 | _a171 p. | ||
| 490 | 0 |
_aColección Popular _vv. 5 |
|
| 500 | _aContiene índice de nombres en p. 147-171 | ||
| 650 | 4 | _aHISTORIA CULTURAL | |
| 650 | 4 | _aCULTURAS LATINOAMERICANAS | |
| 650 | 4 | _aARTE LATINOAMERICANO | |
| 650 | 4 | _aESTUDIOS CULTURALES | |
| 650 | 4 | _aHISTORIA LATINOAMERICANA | |
| 651 | 4 | _aAmérica Latina | |
| 653 | _aAMERICA COLONIAL | ||
| 653 | _aCULTURAS PRECOLOMBINAS | ||
| 942 | _cBK | ||
| 998 | _cMARTIN | ||
| 999 |
_c3795 _d3795 |
||